Najmniejsze państwa w Europie - Statystyki

Ogólne statystyki
  • Ten quiz został rozwiązany 820 razy
  • Średni wynik to 5 z 6
Statystyki odpowiedzi
Odpowiedź % Poprawnych
1 Watykan
98%
3 San Marino
94%
4 Liechtenstein
93%
2 Monako
89%
6 Andora
88%
5 Malta
80%
Nie znaleziono quizów pasujących do podanych kryteriów
Rozkład punktacji
Procent ludzi z każdym wynikiem
Percentyl według liczby udzielonych odpowiedzi
Twoja historia wyników
Nie rozwiązałeś tego quizu